| 000 | 00805nam a2200265Ia 4500 | ||
|---|---|---|---|
| 003 | OSt | ||
| 005 | 20220926005610.0 | ||
| 006 | a|||||r|||| 00| 0 | ||
| 007 | ta | ||
| 008 | 220923b |||||||| |||| 00| 0 eng d | ||
| 020 | _c63.00 | ||
| 037 |
_bNIL, 16/11/1987, Sultan _cGeneral Book |
||
| 040 |
_aRTL _cRTL _beng |
||
| 041 |
_2eng _aeng |
||
| 082 | _aX:8, M5; M7/TD3 | ||
| 100 |
_aMehta P L _9310610 |
||
| 245 | 0 |
_aManagerial economics _bAnalysis, problems and cases |
|
| 250 | _a2 | ||
| 260 |
_a New Delhi _bSultan Chand India _c1987 |
||
| 300 |
_avii,Various pagination _ccm. |
||
| 500 | _aAppendix at the end of each chapter | ||
| 650 |
_aManagment _9241835 |
||
| 942 |
_hX:8, M5; M7/TD3 _cGB _2CC |
||
| 999 |
_c614495 _d614495 |
||